| 000 | 00724nam a22002297a 4500 | ||
|---|---|---|---|
| 003 | OSt | ||
| 005 | 20250717024445.0 | ||
| 008 | 250717b |||||||| |||| 00| 0 eng d | ||
| 020 | _a9781119118787 | ||
| 040 |
_aDWC-Main Lib _cOC |
||
| 082 | _aCirc. 174.9 D971a 2018 | ||
| 100 | _aDuska, Ronald F. | ||
| 245 |
_aAccounting ethics/ _cRonald F. Duska [and two others] |
||
| 250 | _aThird edition | ||
| 260 |
_aHoboken, NJ: _bJohn Wiley and Sons LTD., _cc2018. |
||
| 300 |
_avii, 242 pages; _c23 cm. |
||
| 650 | _a1. Accountants - Professional ethics | ||
| 650 | _a2. Accountants-Moral and ethical aspects | ||
| 700 | _aDuska, Brenda Shay | ||
| 700 | _aKury, Kenneth WM | ||
| 942 |
_2ddc _cBK-CIRC _eThird edition _kCirc. _n0 |
||
| 999 |
_c3727 _d3727 |
||